书目信息 |
| 题名: |
数学谜题
|
|
| 作者: | 逢泽明 著 ;甄晓仁 译 | |
| 分册: | ||
| 出版信息: | 北京 北京理工大学出版社 2006 |
|
| 页数: | 202页 | |
| 开本: | 21cm | |
| 丛书名: | 头脑训练丛书 | |
| 单 册: | ||
| 中图分类: | G449.4 | |
| 科图分类: | ||
| 主题词: | 智力测验--通俗读物 , 智力测验 | |
| 电子资源: | ||
| ISBN: | 7-5640-0651-X | |
| 000 | 00941oam2 2200277 450 | |
| 001 | 012007839024 | |
| 005 | 20070516184946.79 | |
| 010 | @a7-5640-0651-X@dCNY15.00 | |
| 100 | @a20070512d2006 km y0chiy0120 ea | |
| 101 | 1 | @achi@cjpn |
| 102 | @aCN@b110000 | |
| 105 | @aa z 000yy | |
| 106 | @ar | |
| 200 | 1 | @a数学谜题@Ashu xue mi ti@f(日)逢泽明著@F(ri)feng ze ming zhu@g甄晓仁译@Gzhen xiao ren yi |
| 210 | @a北京@c北京理工大学出版社@d2006 | |
| 215 | @a202页@c图@d21cm | |
| 225 | 2 | @a头脑训练丛书 |
| 330 | @a本书通过对数学例题的分析和解后的反思,为读者展现了数学解题的思维过程和各种数学思维模式,对培养学生的创新思维,优化思维品质,增强思维能力有很大的帮助。 | |
| 461 | 0 | @12001 @a头脑训练丛书 |
| 606 | 0 | @a智力测验@j通俗读物 |
| 606 | 0 | @a智力测验 |
| 690 | @aG449.4@v4 | |
| 701 | 0 | @c(日)@a逢泽明@Afeng ze ming@f(1949~)@4著 |
| 702 | 0 | @a甄晓仁@Azhen xiao ren@4译 |
| 801 | 0 | @aCN@bRULIN@c20070516 |
| 905 | @dG449.4@e139@s8 | |
| 数学谜题/(日)逢泽明著/甄晓仁译.-北京:北京理工大学出版社,2006 |
| 202页:图;21cm.-(头脑训练丛书) |
| ISBN 7-5640-0651-X:CNY15.00 |
| 本书通过对数学例题的分析和解后的反思,为读者展现了数学解题的思维过程和各种数学思维模式,对培养学生的创新思维,优化思维品质,增强思维能力有很大的帮助。 |
| ● |
| 相关链接 |
|
|
|
|
正题名:数学谜题
索取号:G449.4/139
 
预约/预借
| 序号 | 登录号 | 条形码 | 馆藏地/架位号 | 状态 | 备注 |
| 1 | 0572605 | 205726053 | 第一样本阅览室/ [索取号:G449.4/139] | 在馆 | |
| 2 | 0572606 | 205726062 | 密集书库/ [索取号:G449.4/139] | 在馆 | |
| 3 | 0572607 | 205726071 | 密集书库/ [索取号:G449.4/139] | 在馆 | |
| 4 | 0572608 | 205726080 | 第四借阅区/ [索取号:G449.4/139] | 在馆 | |
| 5 | 0572609 | 205726099 | 第四借阅区/ [索取号:G449.4/139] | 在馆 | |
| 6 | 0572610 | 205726106 | 第四借阅区/ [索取号:G449.4/139] | 在馆 | |
| 7 | 0572611 | 205726115 | 密集书库/ [索取号:G449.4/139] | 在馆 | |
| 8 | 0572612 | 205726124 | 第四借阅区/ [索取号:G449.4/139] | 在馆 |